[Event "70th RUS-ch Women Higher League 2020"]
[Site "Sochi"]
[Date "2020.10.17"]
[Round "9.14"]
[White "Gorovenko, Darya"]
[Black "Gritsayeva, Oksana"]
[Result "0-1"]
[WhiteElo "2120"]
[BlackElo "2373"]
[Annotator "TA"]
[PlyCount "146"]
[EventDate "2020.10.08"]
[EventType "swiss"]
[EventCountry "RUS"]
[SourceTitle "playchess.com"]
[Source "ChessBase"]
[SourceQuality "1"]

{[%evp 12,146,-11,-15,0,-15,-18,-22,12,10,27,-46,8,-39,-20,-29,-23,-79,-86,-98,-81,-70,-76,-85,-79,-118,-104,-100,-97,-106,-108,-100,-106,-132,-67,-54,-55,-159,-158,-164,-148,-150,-155,-141,-123,-226,-223,-206,-229,-261,-261,-247,-258,-268,-243,-308,-287,-306,-308,-311,-297,-320,-310,-412,-383,-401,-404,-369,-400,-366,-183,-341,-247,-359,-342,-356,-335,-345,-327,-319,-312,-297,-302,-287,-257,-293,-200,-557,-560,-494,-486,-724,-664,-588,-466,-612,-603,-12841,-546,-480,-473,-317,-270,-12841,-12841,-12842,-12841,-12844,-12845,-27999,-27999,-27999,-27999,-27999,-27999,-27999,-27999,-27999,-27999,-27999,-27999,-27999,-27999,-27999,-27999,-27999,-27999,-27999,-27999,-27999,-27999,-27999,-27999,-27999,-27999,-27999,-27999]} 1. d4 g6 2. Nf3 Bg7 3. g3 c5 4. Bg2 cxd4 5. Nxd4 Nc6 6. Nxc6 bxc6 7. c4 Qa5+ {A30: Symmetrical English: Double Fianchetto and Hedgehog.} 8. Nd2 Rb8 9. Qc2 Nf6 {The position is equal.} 10. O-O O-O 11. a3 {[#]} (11. b3 $11) 11... d6 $146 (11... Qh5 $15) ({Predecessor:} 11... c5 12. Ra2 Qc7 13. Qa4 h5 14. b4 h4 15. Bb2 hxg3 16. hxg3 Ng4 17. Qb3 Bxb2 18. Qxb2 {1-0 (47) Novikov,Y (2368)-Saulin,D (2427) Moscow 1999}) 12. Bxc6 (12. b4 $5 {[%cal Rb4a5]} Qh5 13. Bb2 $11) 12... Bf5 $36 {[%mdl 2048] White is under pressure.} 13. Qa4 Qc7 14. Bf3 (14. Ra2 $11) 14... Nd7 $17 15. e4 Bxb2 16. Bxb2 Rxb2 17. exf5 {aiming for Qd1.} Rxd2 18. fxg6 hxg6 19. Rab1 {Black should prevent Rb7.} Ne5 20. Bg2 Rb8 ({Of course not} 20... Qxc4 $6 21. Qxa7 e6 22. a4 $11) 21. Rxb8+ Qxb8 22. Qb5 Rb2 (22... Qc7 $17 23. Rc1 Nd3) 23. Qxb8+ $1 $15 Rxb8 {[%mdl 4096] Endgame KRB-KRN} 24. Rc1 (24. c5 $1 $15) 24... Nd3 $17 25. Rc3 Rb1+ 26. Bf1 Nc5 27. Kg2 Rb2 28. Bd3 {[#]} (28. Re3 $17) 28... Na4 $1 $19 {[%cal Ra4c3]} 29. Rc1 Rb3 30. Be2 Rxa3 31. Rb1 Nc5 32. h4 a5 {[%cal Ba7a5,Ba5a4][%mdl 32]} 33. g4 Rb3 34. Ra1 a4 35. Bd1 Rb4 36. Be2 Kg7 37. h5 Rb2 38. Kf1 gxh5 39. gxh5 Kh6 40. Bd1 Ne4 (40... Rb4 $142 41. Rc1 e6) 41. Bxa4 $2 (41. f3 Nc5 42. Bxa4) 41... Kxh5 42. Be8 (42. Bd1+ $142 Kg5 43. Be2) 42... Kg6 ({Not} 42... Nxf2 43. Ra7 $17) 43. Ra7 Kf6 44. Ke1 Nxf2 45. Ra3 {Rf3+ would now be nice for White.} Ne4 46. Rf3+ Ke5 47. Rxf7 e6 48. Bc6 Nc5 49. Bf3 $2 (49. Rh7 {is a better chance.}) 49... Nd3+ 50. Kf1 Rc2 51. Rf8 (51. Ba8 $142 Rxc4 52. Ke2) 51... Rxc4 52. Ke2 Nf4+ 53. Kf2 Rc2+ 54. Ke3 Nd5+ (54... Ng2+ $142 55. Bxg2 Rxg2) 55. Kd3 Rf2 56. Rf7 Nf6 57. Ke3 $2 {[#]} (57. Ba8) 57... Ng4+ $1 {[%mdl 512]} 58. Kd3 (58. Bxg4 Rxf7) 58... Nh2 59. Bh5 Rxf7 60. Bxf7 {KB-KN} Ng4 {Black mates.} 61. Be8 d5 62. Bd7 Kd6 63. Bc8 Ne5+ 64. Kd4 Nc6+ 65. Kd3 e5 66. Bh3 e4+ 67. Ke3 Ke5 68. Bf1 d4+ 69. Kd2 Kf4 70. Be2 Ne5 71. Bb5 e3+ 72. Ke1 d3 73. Kd1 e2+ {Av CentiPawn Loss W=-50/B=-30. Weighted=-54/-43} 0-1

[Event "70th RUS-ch Women Higher League 2020"]
[Site "Sochi"]
[Date "2020.10.17"]
[Round "9.15"]
[White "Miroshnik, Ekaterina"]
[Black "Mukhina, Jana"]
[Result "1-0"]
[WhiteElo "2104"]
[BlackElo "2025"]
[Annotator "NA"]
[PlyCount "87"]
[EventDate "2020.10.08"]
[EventType "swiss"]
[EventCountry "RUS"]
[SourceTitle "playchess.com"]
[Source "ChessBase"]
[SourceQuality "1"]
[TimeControl "40/5400+30:1800+30"]

1. d4 {[%emt 0:00:00]} Nf6 {[%emt 0:00:00]} 2. Nf3 {[%emt 0:00:00]} g6 {[%emt 0:00:00]} 3. c3 {[%emt 0:00:00]} Bg7 {[%emt 0:00:11]} 4. Bg5 {[%emt 0:00:00]} Ne4 {[%emt 0:01:28]} 5. Bf4 {[%emt 0:01:14]} O-O {[%emt 0:02:44]} 6. e3 {[%emt 0:01:27] A48: 1 d4 Nf6 2 Nf3 g6: Torre, London and Colle Systems.} b6 {[%emt 0:02:53] [#]} 7. Bd3 $146 {[%emt 0:00:54]} ({Predecessor:} 7. Nbd2 Bb7 8. Nxe4 Bxe4 9. Bd3 Bxd3 10. Qxd3 d6 11. O-O Nd7 12. Rad1 Re8 13. Qb5 {½-½ (22) Romero Perera,E (2113)-Valls Marti,A (2163) Barcelona 2011}) 7... Bb7 {[%emt 0:00:07]} 8. O-O {[%emt 0:00:06]} d6 {[%emt 0:02:08]} 9. h3 {[%emt 0:09:41]} Nd7 {[%emt 0:01:13]} 10. Qc2 {[%emt 0:01:14]} Nef6 {[%emt 0:10:09]} 11. e4 {[%emt 0:03:08]} Nh5 {[%emt 0:00:40]} 12. Bh2 {[%emt 0:01:29]} e5 {[%emt 0:00:42]} 13. Nbd2 {[%emt 0:02:03]} Qe7 {[%emt 0:02:55]} 14. Rfe1 {[%emt 0:00:37]} Rae8 {[%emt 0:00:39]} 15. a4 {[%emt 0:00:49]} Qd8 {[%emt 0:02:21]} 16. a5 {[%emt 0:00:28]} Nf4 {[%emt 0:00:11]} 17. Bf1 {[%emt 0:05:03]} g5 {[%emt 0:07:53] [#]} (17... Bh6 $14) 18. axb6 $1 {[%emt 0:00:59]} axb6 {[%emt 0:00:22] [#]} 19. Ra7 $1 {[%emt 0:06:24]} Qb8 {[%emt 0:01:24]} 20. Ra3 {[%emt 0:00:20]} (20. Rea1 $142) 20... Qd8 {[%emt 0:00:14]} 21. Bb5 {[%emt 0:06:11]} c6 {[%emt 0:00:38]} 22. Bf1 {[%emt 0:00:44]} h5 {[%emt 0:00:36]} (22... b5 $14) 23. Nc4 {[%emt 0:01:12]} Re6 {[%emt 0:01:02] [#]} 24. dxe5 {[%emt 0:04:23]} (24. Ne3 $1 $18) 24... dxe5 $18 {[%emt 0:01:54]} (24... Nxe5 $16 {was worth a try.} 25. Nfxe5 dxe5) 25. Rd1 {[%emt 0:01:48]} Qe7 {[%emt 0:05:12]} 26. Ra7 {[%emt 0:05:57]} Rb8 {[%emt 0:05:58]} 27. Ne3 {[%emt 0:00:13]} Nf8 {[%emt 0:01:36]} 28. Ba6 {[%emt 0:19:49]} g4 {[%emt 0:03:07]} 29. hxg4 {[%emt 0:02:27]} hxg4 {[%emt 0:00:01]} 30. Ne1 {[%emt 0:00:54]} Qc7 {[%emt 0:03:19]} 31. Nxg4 {[%emt 0:05:41]} Rg6 {[%emt 0:00:37]} 32. Ne3 {[%emt 0:00:18]} Qc8 {[%emt 0:00:42]} 33. Bxb7 {[%emt 0:03:59]} Rxb7 {[%emt 0:00:01]} 34. Rxb7 {[%emt 0:00:05]} Qxb7 {[%emt 0:00:05]} 35. Bxf4 {[%emt 0:00:09]} exf4 {[%emt 0:00:04]} 36. Nf5 {[%emt 0:00:02]} Ne6 {[%emt 0:01:34]} 37. Nf3 {[%emt 0:00:50]} c5 {[%emt 0:00:34]} 38. Qe2 {[%emt 0:01:01]} Ng5 {[%emt 0:00:22]} 39. Nxg5 {[%emt 0:02:51]} Rxg5 {[%emt 0:00:02]} 40. Rd8+ {[%emt 0:00:00]} Kh7 {[%emt 0:00:00]} 41. Qf3 {[%emt 0:01:28]} Qc7 {[%emt 0:02:48]} 42. Qh3+ {[%emt 0:04:43]} Kg6 {[%emt 0:00:10]} 43. Rg8 {[%emt 0:00:30]} Kf6 {[%emt 0:00:22]} 44. Nxg7 {[%emt 0:00:10]} 1-0

[Event "70th RUS-ch Women Higher League 2020"]
[Site "Sochi"]
[Date "2020.10.17"]
[Round "9.18"]
[White "Salakhova, Adelya"]
[Black "Mironenko, Galina"]
[Result "1/2-1/2"]
[WhiteElo "1885"]
[BlackElo "2061"]
[Annotator "ChessBase"]
[PlyCount "136"]
[EventDate "2020.10.08"]
[EventType "swiss"]
[EventCountry "RUS"]
[SourceTitle "playchess.com"]
[Source "ChessBase"]
[SourceQuality "1"]
[TimeControl "40/5400+30:1800+30"]

1. d4 {[%emt 0:00:00]} f5 {[%emt 0:00:00]} 2. Nf3 {[%emt 0:00:00]} Nf6 {[%emt 0:00:00]} 3. g3 {[%emt 0:00:00]} g6 {[%emt 0:00:02]} 4. Bg2 {[%emt 0:00:02]} Bg7 {[%emt 0:00:06]} 5. O-O {[%emt 0:00:07]} O-O {[%emt 0:00:07]} 6. b3 {[%emt 0:00:12]} d6 {[%emt 0:01:28]} 7. Bb2 {[%emt 0:00:19]} c6 {[%emt 0:03:22]} 8. c4 {[%emt 0:01:00]} Qe8 {[%emt 0:04:41]} 9. Nbd2 {[%emt 0:04:59]} Ne4 {[%emt 0:12:33]} 10. Nxe4 {[%emt 0:09:45]} fxe4 {[%emt 0:00:21]} 11. Ng5 {[%emt 0:00:20]} d5 {[%emt 0:01:41]} 12. f3 {[%emt 0:02:37]} h6 {[%emt 0:07:30]} 13. Nh3 {[%emt 0:06:13]} exf3 {[%emt 0:13:40]} 14. exf3 {[%emt 0:00:34]} dxc4 {[%emt 0:03:56]} 15. bxc4 {[%emt 0:00:26]} c5 {[%emt 0:01:10]} 16. Qd2 {[%emt 0:04:01]} Nc6 {[%emt 0:07:28]} 17. dxc5 {[%emt 0:02:40]} Bxh3 {[%emt 0:08:37]} 18. Bxh3 {[%emt 0:00:13]} Rd8 {[%emt 0:01:29]} 19. Be6+ {[%emt 0:04:30]} Kh7 {[%emt 0:00:37]} 20. Qg2 {[%emt 0:00:11]} Nd4 {[%emt 0:02:27]} 21. Bd5 {[%emt 0:02:19]} e6 {[%emt 0:04:08]} 22. Bxb7 {[%emt 0:22:52]} Qe7 {[%emt 0:04:26]} 23. Be4 {[%emt 0:00:43]} Qxc5 {[%emt 0:01:59]} 24. Kh1 {[%emt 0:00:43]} Rb8 {[%emt 0:03:23]} 25. Bxd4 {[%emt 0:01:44]} Bxd4 {[%emt 0:01:41]} 26. Qc2 {[%emt 0:06:37]} Bxa1 {[%emt 0:03:34]} 27. Rxa1 {[%emt 0:00:13]} Rf6 {[%emt 0:03:34]} 28. Rd1 {[%emt 0:01:24]} Qc7 {[%emt 0:01:01]} 29. c5 {[%emt 0:01:29]} Rd8 {[%emt 0:02:44]} 30. Rb1 {[%emt 0:01:16]} Rb8 {[%emt 0:01:23]} 31. c6 {[%emt 0:00:45]} Rxb1+ {[%emt 0:01:44]} 32. Qxb1 {[%emt 0:00:01]} e5 {[%emt 0:01:27]} 33. Qc2 {[%emt 0:02:04]} Kg7 {[%emt 0:01:40]} 34. Qc5 {[%emt 0:03:15]} h5 {[%emt 0:01:25]} 35. a4 {[%emt 0:01:42]} a5 {[%emt 0:01:18]} 36. Kg2 {[%emt 0:00:58]} Re6 {[%emt 0:00:30]} 37. Kf2 {[%emt 0:02:00]} Re7 {[%emt 0:00:25]} 38. Ke3 {[%emt 0:00:43]} Kf6 {[%emt 0:00:32]} 39. Kd3 {[%emt 0:01:20]} Re8 {[%emt 0:00:17]} 40. Kc3 {[%emt 0:00:00]} Rd8 {[%emt 0:00:00]} 41. h3 {[%emt 0:06:46]} Kg7 {[%emt 0:04:42]} 42. g4 {[%emt 0:10:57]} hxg4 {[%emt 0:03:16]} 43. hxg4 {[%emt 0:00:01]} Kf6 {[%emt 0:01:21]} 44. Bd5 {[%emt 0:04:16]} Rb8 {[%emt 0:04:36]} 45. Bc4 {[%emt 0:06:40]} Rd8 {[%emt 0:03:04]} 46. Bd5 {[%emt 0:01:36]} Rb8 {[%emt 0:00:44]} 47. Be4 {[%emt 0:08:02]} Rd8 {[%emt 0:06:37]} 48. Bc2 {[%emt 0:07:35]} Rc8 {[%emt 0:04:35]} 49. g5+ {[%emt 0:01:11]} Kxg5 {[%emt 0:05:46]} 50. Qg1+ {[%emt 0:00:04]} Kf6 {[%emt 0:00:58]} 51. Qxg6+ {[%emt 0:00:05]} Ke7 {[%emt 0:00:05]} 52. Qg7+ {[%emt 0:02:50]} Kd6 {[%emt 0:00:46]} 53. Qf6+ {[%emt 0:00:23]} Kc5 {[%emt 0:00:23]} 54. Be4 {[%emt 0:00:09]} Qd6 {[%emt 0:00:38]} 55. Qh4 {[%emt 0:04:13]} Qd4+ {[%emt 0:00:27]} 56. Kc2 {[%emt 0:00:01]} Qxa4+ {[%emt 0:00:19]} 57. Kd2 {[%emt 0:00:13]} Qd4+ {[%emt 0:00:32]} 58. Ke2 {[%emt 0:00:12]} Qc4+ {[%emt 0:00:47]} 59. Kf2 {[%emt 0:00:26]} Qd4+ {[%emt 0:00:15]} 60. Ke2 {[%emt 0:00:10]} Rc7 {[%emt 0:00:56]} 61. Qh6 {[%emt 0:01:13]} Qb2+ {[%emt 0:00:34]} 62. Kf1 {[%emt 0:00:10]} Qb5+ {[%emt 0:00:31]} 63. Kf2 {[%emt 0:00:14]} Qb6 {[%emt 0:00:27]} 64. Qe3+ {[%emt 0:00:38]} Kb5 {[%emt 0:00:16]} 65. Bd3+ {[%emt 0:00:04]} Kxc6 {[%emt 0:00:22]} 66. Be4+ {[%emt 0:00:04]} Kb5 {[%emt 0:00:17]} 67. Bd3+ {[%emt 0:00:04]} Kc6 {[%emt 0:00:27]} 68. Be4+ {[%emt 0:00:01]} Kb5 {[%emt 0:00:08]} 1/2-1/2